|
|
|
|
| LEADER |
00608cam a2200181 7i4500 |
| 001 |
0000017378 |
| 005 |
20060503090000.0 |
| 090 |
0 |
0 |
|a JAPN 332.6 JAP
|
| 110 |
2 |
0 |
|a Japan External Trade Organization [JETRO]
|
| 245 |
2 |
0 |
|a 2005 JETRO white paper on international trade and foreign direct investment.
|
| 260 |
0 |
0 |
|a Tokyo:
|b JETRO,
|c 2005.
|
| 300 |
# |
# |
|a 35 p.
|
| 650 |
0 |
0 |
|a Business --
|z Japan
|
| 650 |
0 |
0 |
|a International trade --
|z Japan
|
| 650 |
0 |
0 |
|a Investments, foreign --
|z Japan
|
| 650 |
0 |
0 |
|a Foreign direct investments --
|z Japan
|
| 651 |
0 |
0 |
|a Japan
|
| 999 |
|
|
|a 0000018369
|b Book
|c Countries
|e Business Information Centre
|